000 00755cam a2200193 4500
001 WB3601-45
008 000000n1999 000 0 eng u
035 _a(Sirsi) u103375
245 _aEC ruling spells chaos for regeneration
260 _c1999
490 _aRICS Press Release
_v(pr265) 22 December 1999 (2)
520 _aThe RICS has expressed dismay at the EC announcement that the UK must effectively scrap its Partnership Investment Programme (PIP). This, coupled with the continued delay in agreeing Assisted Area Status, will undermine the regeneration industry.
590 _aWB
650 _aEUROPEAN COMMISSION
650 0 _aPARTNERSHIP INVESTMENT PROGRAMME
650 _aASSISTED AREA STATUS
690 _aREGENERATION
942 _n0
999 _c62126
_d62126